00706cam a22003732 4500001001100000005001700011008004100028020001700069040001500086100003000101245004700131260003900178300001500217650004300232852000300275852000300278852000300281852000300284852000300287852000300290852000300293852000300296852000300299852000300302852000300305852000300308852000300311852000300314852000300317852000300320852000300323852000300326852000300329000002535320151217154521.0150723s xx 000 0 eng d a1482803723 : aKABUcKABU1 aMunyao, Sila.@000018599610aModern law of criminal procedure in Kenya. aSouth Africai :bPartridge,c2014. axl, 328 p. 0aCriminal procedurezKenya.@00001603411 1 1 1 1 1 1 1 1 1 1 1 1 1 1 1 1 1 1